Statystyki dla Serbia - Okręgi Serbii (podział administracyjny Serbii) - Mapa

Kliknij tutaj aby rozwiązać quiz!

Ogólne statystyki

  • Ten quiz został rozwiązany 338 razy
  • Średni wynik to 10 z 30

Odpowiedzi na mapie

Odpowiedzi skodowane kolorowo w zielono-czerwonej skali na mapie do tego quizu, zgodnie z poniższymi procentami.
 

Statystyki odpowiedzi

OkręgSiedziba% Poprawnych
Belgrad
98%
kosowskiPrisztina
75%
południowobackiNowy Sad
66%
północnobackiSubotica
50%
niszawskiNisz
47%
południowobanackiPančevo
36%
borskiBor
34%
morawickiČačak
34%
północnobanackiKikinda
34%
środkowobanackiZrenjanin
34%
zachodniobackiSombor
34%
kosowskomitrowickiMitrowica
31%
prizrenskiPrizren
31%
sremskiSremska Mitrovica
31%
rasińskiKruševac
28%
pećkiPejë / Peć
27%
podunajskiSmederevo
27%
pomorawskiJagodina
27%
raskiKraljevo
25%
szumadijskiKragujevac
25%
pirockiPirot
23%
zajeczarskiZaječar
23%
kosowskopomorawskiGnjilane
22%
pczyńskiVranje
22%
braniczewskiPožarevac
19%
jablanickiLeskovac
19%
zlatiborskiUžice
19%
kolubarskiValjevo
17%
maczwańskiŠabac
16%
toplickiProkuplje
16%

Rozkład punktacji

Percentyl według liczby udzielonych odpowiedzi

Procent ludzi z każdym wynikiem

Twoja historia wyników

Nie rozwiązałeś tego quizu